00000000nam 2200000zi 4500
0019.867801
003CaOODSP
00520221107162417
006m     o  d f      
007cr |||||||||||
008190130s1959    onc     ot   f|0| 0 eng d
040 |aCaOODSP|beng|erda|cCaOODSP
043 |an-cn---
0861 |aM38-1/51-1959E-PDF
1001 |aFaye, G. H., |eauthor.
24510|aRadiochemical evaluation of fire assay method for determination of silver / |cby G. H. Faye and W. R. Inman.
264 1|aOttawa, Ontario : |bDepartment of Mines and Technical Surveys, |c1959.
300 |a1 online resource (7 pages)
336 |atext|btxt|2rdacontent
337 |acomputer|bc|2rdamedia
338 |aonline resource|bcr|2rdacarrier
4901 |aMines Branch Research Report ; |vR 51
500 |a"Reprinted from Analytical Chemistry, Vol. 31, No. 6, June 1959."
500 |a"June 1959."
504 |aIncludes bibliographic references.
69207|2gccst|aMetals
7001 |aInman, W. R., |eauthor.
7101 |aCanada. |bDepartment of Mines and Technical Surveys.
7101 |aCanada. |bMines Branch.
830#0|aResearch report (Canada. Mines Branch)|vR 51.|w(CaOODSP)9.855660
85640|qPDF|s1.88 MB|uhttps://publications.gc.ca/collections/collection_2019/rncan-nrcan/m38-1/M38-1-51-1959-eng.pdf